00545nam a2200145 a 450000100100000000500170001000800410002704000250006808200190009324500840011226000400019630000280023695201180026499900170038200004097420201002034523.0130912s1987 xxua 000 0 eng d aDO-SdBNPbengcBNPHU axxxxxxbxxxxxx00aThe audubon society field guide to north american fishes, whales, and dolphins. aNew York :bAlfred A. Knopf,c1987. a848 p. :bil. ;c19 cm. 0010507-18MOaGRbGRcOId2013-09-12iLF1l0oxxxxxx xxxxxxp40974-10r2020-06-25w2020-06-25y1ZNo se presta c40464d40464